000
00302nam a2200121 a 4500
005
20140414131923.0
008
101023s19uu xx 00 eng d
050
_a
ER
_b
An5 1990
100
_a
Wilson, Etta
245
_a
Animal follies.
260
_a
New York :
_b
Mallard Press,
_c
1990.
999
_c
111837
_d
111837